[Event "Condom op 19th"]
[Site "Condom"]
[Date "2022.07.13"]
[Round "6"]
[White "Vaillant, Stephane"]
[Black "Vandervorst, Jean Marc"]
[Result "1/2-1/2"]
[WhiteElo "1794"]
[BlackElo "1915"]
[PlyCount "36"]
[EventDate "2022.07.09"]
[EventType "swiss"]
[EventRounds "9"]
[EventCountry "FRA"]
[SourceTitle "CBM 209 Extra"]
[Source "ChessBase"]
[SourceDate "2022.09.30"]
[SourceVersion "1"]
[SourceVersionDate "2022.09.30"]
[SourceQuality "1"]

1. d4 d5 2. Nf3 Nf6 3. c4 e6 4. Nc3 Be7 5. Bg5 0-0 6. e3 b6 7. cxd5 exd5 8. Be2 Nbd7 9. 0-0 Bb7 10. Nd2 Ne4 11. Bxe7 Qxe7 12. Qc2 c5 13. dxc5 Ndxc5 14. b4 Nxc3 15. Qxc3 Ne4 16. Qb2 Rac8 17. Rfc1 Rxc1+ 18. Rxc1 Rc8 1/2-1/2

[Event "Condom op 12th"]
[Site "Condom"]
[Date "2013.07.13"]
[Round "1"]
[White "Miron, Lucian Costin"]
[Black "Vandervorst, Jean Marc"]
[Result "1-0"]
[WhiteElo "2544"]
[BlackElo "2031"]
[PlyCount "67"]
[EventDate "2013.07.13"]
[EventType "swiss"]
[EventRounds "9"]
[EventCountry "FRA"]
[SourceTitle "CBM 155 Extra"]
[Source "ChessBase"]
[SourceDate "2013.08.26"]
[SourceVersion "1"]
[SourceVersionDate "2013.08.26"]
[SourceQuality "1"]

1. Nf3 Nf6 2. g3 b6 3. Bg2 Bb7 4. 0-0 e6 5. c4 c5 6. b3 Be7 7. Bb2 0-0 8. e3 d5 9. Qe2 Nbd7 10. d3 Qc7 11. Nc3 Rad8 12. Rfd1 Rfe8 13. Rac1 e5 14. cxd5 Nxd5 15. Nxd5 Bxd5 16. b4 Qb7 17. e4 Bxa2 18. Nxe5 Bb3 19. Re1 Nxe5 20. Bxe5 f6 21. Bf4 cxb4 22. Rc7 Qa6 23. Qg4 Bf7 24. e5 Bc5 25. Be4 Qa2 26. Re2 Qa1+ 27. Kg2 Re7 28. exf6 Qxf6 29. Bg5 Rxe4 30. dxe4 Qg6 31. Rxf7 Kxf7 32. Qf4+ Ke8 33. Qe5+ Kd7 34. Rd2+ 1-0

[Event "Cappelle op 29th"]
[Site "Cappelle la Grande"]
[Date "2013.03.01"]
[Round "8"]
[White "Geene, Joris"]
[Black "Vandervorst, Jean Marc"]
[Result "1/2-1/2"]
[WhiteElo "1630"]
[BlackElo "2037"]
[PlyCount "53"]
[EventDate "2013.02.23"]
[EventType "swiss"]
[EventRounds "9"]
[EventCountry "FRA"]
[SourceTitle "CBM 153 Extra"]
[Source "ChessBase"]
[SourceDate "2013.04.22"]
[SourceVersion "1"]
[SourceVersionDate "2013.04.22"]
[SourceQuality "1"]

1. e4 b6 2. d4 e6 3. f4 Bb7 4. Nd2 c5 5. c3 Nf6 6. Bd3 Nc6 7. Ngf3 cxd4 8. cxd4 Nb4 9. Bb1 Qc7 10. a3 Nc6 11. 0-0 Qxf4 12. Nc4 Qg4 13. d5 Bc5+ 14. Be3 Bxe3+ 15. Nxe3 Qf4 16. Nc4 Na5 17. Nfe5 Qg5 18. Nd6+ Ke7 19. Ndxf7 Qe3+ 20. Kh1 Rhf8 21. dxe6 d5 22. Ba2 Nxe4 23. Bxd5 Rad8 24. Bxe4 Rxd1 25. Raxd1 Qxe4 26. Rd7+ Kxe6 27. Rd6+ 1/2-1/2

[Event "FRA-chT2 0910"]
[Site "France"]
[Date "2010.01.24"]
[Round "7.6"]
[White "Rodriguez, Angel"]
[Black "Vandervorst, Jean Marc"]
[Result "1-0"]
[WhiteElo "2079"]
[BlackElo "2035"]
[PlyCount "45"]
[EventDate "2009.09.27"]
[EventType "team-tourn"]
[EventRounds "11"]
[EventCountry "FRA"]
[SourceTitle "EXT 2011"]
[Source "ChessBase"]
[SourceDate "2010.11.26"]
[SourceVersion "1"]
[SourceVersionDate "2010.11.26"]
[SourceQuality "1"]

1. f4 d6 2. Nf3 c6 3. e4 g6 4. d4 Bg7 5. Bd3 Qb6 6. c3 Nd7 7. a4 e5 8. a5 Qc7 9. 0-0 Ne7 10. fxe5 dxe5 11. Bg5 Qd6 12. Na3 exd4 13. Nc4 Qe6 14. Nxd4 Bxd4+ 15. cxd4 h6 16. Bf4 g5 17. Nd6+ Kf8 18. Bg3 Rh7 19. Bc4 Qg6 20. Bxf7 Rxf7 21. Rxf7+ Qxf7 22. Nxf7 Kxf7 23. Qf3+ 1-0

[Event "Condom op"]
[Site "Condom"]
[Date "2008.??.??"]
[Round "2"]
[White "Vandervorst, Jean Marc"]
[Black "Maenhout, Thibaut"]
[Result "1/2-1/2"]
[WhiteElo "2070"]
[BlackElo "2277"]
[PlyCount "33"]
[EventDate "2008.07.12"]
[EventType "swiss"]
[EventRounds "9"]
[EventCountry "FRA"]
[SourceTitle "EXT 2009"]
[Source "ChessBase"]
[SourceDate "2008.11.26"]
[SourceVersion "1"]
[SourceVersionDate "2008.11.26"]
[SourceQuality "1"]

1. d4 Nf6 2. Nf3 g6 3. Bg5 Bg7 4. Nbd2 c5 5. e3 cxd4 6. exd4 0-0 7. Bc4 Nc6 8. c3 d6 9. 0-0 h6 10. Bh4 Nh5 11. Re1 d5 12. Bb5 g5 13. Bg3 Nxg3 14. hxg3 Qd6 15. Qe2 Be6 16. Nb3 Nd8 17. Nc5 1/2-1/2

[Event "Condom op 5th"]
[Site "Condom"]
[Date "2006.07.08"]
[Round "1"]
[White "Vandervorst, Jean Marc"]
[Black "Meijers, Viesturs"]
[Result "0-1"]
[WhiteElo "2088"]
[BlackElo "2474"]
[PlyCount "30"]
[EventDate "2006.07.08"]
[EventType "swiss"]
[EventRounds "9"]
[EventCountry "FRA"]
[SourceTitle "CBM 113 Extra"]
[Source "ChessBase"]
[SourceDate "2006.09.14"]
[SourceVersion "1"]
[SourceVersionDate "2006.09.14"]
[SourceQuality "1"]

1. d4 Nf6 2. Nf3 e6 3. Bg5 d5 4. e3 Be7 5. Bd3 Ne4 6. Bxe7 Qxe7 7. c3 Nd7 8. Nbd2 f5 9. Ne5 Nxe5 10. dxe5 Bd7 11. Qh5+ g6 12. Qe2 a6 13. b4 Nxc3 14. Qf3 Qxb4 15. 0-0 Bc6 0-1

[Event "Condom op 4th"]
[Site "Condom"]
[Date "2005.07.14"]
[Round "7"]
[White "Vandervorst, Jean Marc"]
[Black "Tchefranoff, Stephane"]
[Result "1/2-1/2"]
[WhiteElo "2104"]
[BlackElo "2011"]
[PlyCount "48"]
[EventDate "2005.07.09"]
[EventType "swiss"]
[EventRounds "9"]
[EventCountry "FRA"]
[SourceTitle "CBM 107 Extra"]
[Source "ChessBase"]
[SourceDate "2005.09.01"]
[SourceVersion "1"]
[SourceVersionDate "2005.09.01"]
[SourceQuality "1"]

1. d4 Nf6 2. Nf3 e6 3. Bg5 g6 4. Nbd2 Bg7 5. e4 h6 6. Bxf6 Qxf6 7. e5 Qe7 8. Bd3 b6 9. c3 Bb7 10. Ne4 d6 11. Qe2 Nd7 12. 0-0-0 dxe5 13. dxe5 Nxe5 14. Bb5+ Kf8 15. Nxe5 Bxe5 16. Rd7 Qh4 17. f3 Bxe4 18. fxe4 Rd8 19. Rf1 Rxd7 20. Bxd7 Ke7 21. Ba4 Rd8 22. g3 Qg5+ 23. Kc2 a5 24. Qf2 Qf6 1/2-1/2

[Event "Condom op 4th"]
[Site "Condom"]
[Date "2005.07.11"]
[Round "4"]
[White "Vandervorst, Jean Marc"]
[Black "Foulon, Greta"]
[Result "1/2-1/2"]
[WhiteElo "2104"]
[BlackElo "1977"]
[PlyCount "61"]
[EventDate "2005.07.09"]
[EventType "swiss"]
[EventRounds "9"]
[EventCountry "FRA"]
[SourceTitle "CBM 107 Extra"]
[Source "ChessBase"]
[SourceDate "2005.09.01"]
[SourceVersion "1"]
[SourceVersionDate "2005.09.01"]
[SourceQuality "1"]

1. d4 Nf6 2. Nf3 g6 3. Bg5 Bg7 4. Nbd2 c5 5. e3 Qa5 6. c3 cxd4 7. exd4 d6 8. Qb3 Nc6 9. Bc4 e6 10. 0-0 0-0 11. Rfe1 d5 12. Bd3 Qc7 13. Qc2 Bd7 14. Nf1 Rac8 15. Qe2 Na5 16. Ne5 Nc4 17. Ng3 Be8 18. Bxc4 dxc4 19. Qf3 Nd5 20. Ng4 Bc6 21. Bh6 Bxh6 22. Nxh6+ Kg7 23. Ng4 Qf4 24. Qxf4 Nxf4 25. f3 Nd3 26. Re2 b5 27. Ne5 Nf4 28. Rd2 f6 29. Nxc6 Rxc6 30. Ne2 Nd5 31. a3 1/2-1/2

[Event "FRA-chT2 0405"]
[Site "France"]
[Date "2005.04.03"]
[Round "11.3"]
[White "Foisor, Cristina Adela B"]
[Black "Vandervorst, Jean Marc"]
[Result "1-0"]
[WhiteElo "2411"]
[BlackElo "2094"]
[PlyCount "55"]
[EventDate "2004.10.10"]
[EventType "team-tourn"]
[EventRounds "11"]
[EventCountry "FRA"]
[SourceTitle "EXT 2006"]
[Source "ChessBase"]
[SourceDate "2005.11.24"]
[SourceVersion "1"]
[SourceVersionDate "2005.11.24"]
[SourceQuality "1"]

1. Nf3 g6 2. d4 Bg7 3. c4 d6 4. Nc3 e6 5. e4 Ne7 6. Be3 b6 7. Qd2 h6 8. 0-0-0 Bb7 9. Bd3 Nd7 10. Ne1 a6 11. f4 f5 12. Nc2 d5 13. cxd5 fxe4 14. Bxe4 exd5 15. Bf3 Nf6 16. Rhe1 Qd7 17. Bf2 0-0-0 18. Nb4 Rhe8 19. Nd3 Ne4 20. Qc2 Nxc3 21. Qxc3 Qa4 22. Kb1 Kb8 23. Ne5 c5 24. dxc5 Qxf4 25. Bg3 Qf5+ 26. Nd3+ Ka8 27. Qxg7 bxc5 28. Rxe7 1-0

[Event "FRA-chT2 0304a"]
[Site "France"]
[Date "2003.11.16"]
[Round "3.4"]
[White "Vandervorst, Jean Marc"]
[Black "Safranska, Anda"]
[Result "0-1"]
[WhiteElo "2133"]
[BlackElo "2295"]
[PlyCount "73"]
[EventDate "2003.10.??"]
[EventType "team-tourn"]
[EventRounds "11"]
[EventCountry "FRA"]
[SourceTitle "EXT 2005"]
[Source "ChessBase"]
[SourceDate "2004.11.15"]
[SourceVersion "1"]
[SourceVersionDate "2004.11.15"]
[SourceQuality "1"]
[WhiteTeam "Condom"]
[BlackTeam "Lyon Olympique"]
[WhiteTeamCountry "FRA"]
[BlackTeamCountry "FRA"]

1. d4 g6 2. Nf3 Nf6 3. Bg5 Bg7 4. e3 0-0 5. Nbd2 d6 6. Bc4 Nbd7 7. 0-0 b6 8. Re1 Bb7 9. c3 h6 10. Bh4 e5 11. h3 Qe8 12. Nf1 a6 13. N3d2 Kh8 14. Qc2 e4 15. b4 g5 16. Bg3 Nh5 17. Be2 f5 18. Bh2 Nhf6 19. f3 exf3 20. Bxf3 Bxf3 21. Nxf3 Ne4 22. N3d2 Nxd2 23. Nxd2 Qe6 24. Re2 c5 25. Rae1 d5 26. dxc5 bxc5 27. bxc5 Nxc5 28. c4 Rac8 29. cxd5 Qxd5 30. Qc4 Qd3 31. Rc1 Qd7 32. Rc2 Ne4 33. Qb3 Rxc2 34. Qxc2 Rc8 35. Nc4 Qe6 36. Qb3 Qxc4 37. Qb7 0-1

[Event "Herlies op 7th"]
[Site "Herlies"]
[Date "2002.04.02"]
[Round "6"]
[White "Michaux, Bernard"]
[Black "Vandervorst, Jean Marc"]
[Result "0-1"]
[WhiteElo "1700"]
[BlackElo "1950"]
[PlyCount "80"]
[EventDate "2002.03.30"]
[EventType "swiss"]
[EventRounds "7"]
[EventCountry "FRA"]
[SourceTitle "EXT 2004"]
[Source "ChessBase"]
[SourceDate "2003.11.25"]
[SourceVersion "1"]
[SourceVersionDate "2003.11.25"]
[SourceQuality "1"]

1. e4 e5 2. Nf3 Nc6 3. Bc4 Bc5 4. c3 d6 5. d3 Bg4 6. 0-0 Nf6 7. Nbd2 a6 8. b4 Ba7 9. Qb3 Qd7 10. Ng5 0-0 11. h3 Bh5 12. Ngf3 b5 13. Bd5 Nxd5 14. Qxd5 Ne7 15. Qb3 Ng6 16. d4 exd4 17. cxd4 Nf4 18. Kh2 Kh8 19. Qe3 Ne6 20. Nb3 Qe7 21. Rg1 c5 22. bxc5 dxc5 23. dxc5 Nxc5 24. Nxc5 Bxc5 25. Qe2 Bxf3 26. gxf3 Qe5+ 27. f4 Qxa1 28. Bb2 Qxg1+ 29. Kxg1 Rfe8 30. Qg4 Bf8 31. f5 Rad8 32. h4 Rd2 33. Bc3 Rc2 34. Bd4 Rc4 35. Be3 Rcxe4 36. Qg5 Be7 37. Qh5 Kg8 38. Bg5 Bc5 39. f6 g6 40. Qh6 Bf8 0-1

[Event "Herlies op 7th"]
[Site "Herlies"]
[Date "2002.03.31"]
[Round "3"]
[White "Vandervorst, Jean Marc"]
[Black "Liefooghe, Thierry"]
[Result "0-1"]
[WhiteElo "1950"]
[BlackElo "1800"]
[PlyCount "46"]
[EventDate "2002.03.30"]
[EventType "swiss"]
[EventRounds "7"]
[EventCountry "FRA"]
[SourceTitle "EXT 2004"]
[Source "ChessBase"]
[SourceDate "2003.11.25"]
[SourceVersion "1"]
[SourceVersionDate "2003.11.25"]
[SourceQuality "1"]

1. e4 e5 2. Nf3 Nc6 3. Bc4 Nf6 4. d3 Bc5 5. Nc3 a6 6. a3 d6 7. Bg5 h6 8. Bh4 g5 9. Nxg5 hxg5 10. Bxg5 Rg8 11. h4 Be6 12. Nd5 Bxd5 13. exd5 Nd4 14. c3 Rg6 15. cxd4 Bxd4 16. 0-0 Qd7 17. Qe2 0-0-0 18. Rac1 Rdg8 19. Kh1 Ng4 20. f3 Rxg5 21. fxg4 Rxg4 22. Rf2 Rxh4+ 23. Kg1 Qh3 0-1

[Event "Montpellier op-B"]
[Site "Montpellier"]
[Date "2001.??.??"]
[Round "4.4"]
[White "Esprit, Yohann"]
[Black "Vandervorst, Jean Marc"]
[Result "1-0"]
[WhiteElo "2164"]
[BlackElo "2000"]
[PlyCount "65"]
[EventDate "2001.??.??"]
[EventType "swiss"]
[EventRounds "7"]
[EventCountry "FRA"]
[SourceTitle "EXT 2003"]
[Source "ChessBase"]
[SourceDate "2002.11.25"]
[SourceVersion "1"]
[SourceVersionDate "2002.11.25"]
[SourceQuality "1"]

1. d4 Nf6 2. Nf3 d5 3. c4 e6 4. Nc3 Nbd7 5. Bf4 c6 6. e3 Be7 7. h3 h6 8. Bd3 dxc4 9. Bxc4 b5 10. Bd3 Bb7 11. 0-0 b4 12. Na4 c5 13. dxc5 Nxc5 14. Nxc5 Bxc5 15. Qa4+ Kf8 16. Qb5 Qb6 17. Rac1 Qxb5 18. Bxb5 Be7 19. Rfd1 Nd5 20. Bg3 a6 21. Bc6 Bxc6 22. Rxc6 Bf6 23. Bd6+ Be7 24. e4 Bxd6 25. Rxd6 Ke7 26. Rc6 Nf4 27. Rc7+ Kf6 28. e5+ Kg6 29. Nh4+ Kh5 30. Rxf7 g5 31. Nf3 Rhf8 32. Rdd7 Rad8 33. g4+ 1-0

[Event "FRA-chT3 Gr3 9900"]
[Site "France"]
[Date "2000.12.10"]
[Round "4"]
[White "Daniilidis, Aris"]
[Black "Vandervorst, Jean Marc"]
[Result "1-0"]
[WhiteElo "2318"]
[BlackElo "2036"]
[PlyCount "33"]
[EventDate "1999.10.??"]
[EventType "team-tourn"]
[EventRounds "9"]
[EventCountry "FRA"]
[SourceTitle "EXT 2005"]
[Source "ChessBase"]
[SourceDate "2004.11.15"]
[SourceVersion "1"]
[SourceVersionDate "2004.11.15"]
[SourceQuality "1"]

1. e4 c5 2. Nf3 d6 3. d4 cxd4 4. Nxd4 Nf6 5. Nc3 a6 6. Be2 e6 7. 0-0 Nbd7 8. f4 b5 9. Bf3 Bb7 10. e5 Bxf3 11. Nxf3 dxe5 12. fxe5 Qb6+ 13. Kh1 Ng4 14. Qe2 Bc5 15. Qe4 Nf2+ 16. Rxf2 Bxf2 17. Qxa8+ 1-0

[Event "Creon op 5th"]
[Site "Creon"]
[Date "2000.??.??"]
[Round "8"]
[White "Mullon, Jean Baptiste"]
[Black "Vandervorst, Jean Marc"]
[Result "1-0"]
[WhiteElo "2296"]
[BlackElo "2036"]
[PlyCount "51"]
[EventDate "2000.07.31"]
[EventType "swiss"]
[EventRounds "9"]
[EventCountry "FRA"]
[SourceTitle "EXT 2001"]
[Source "ChessBase"]
[SourceDate "2000.11.22"]
[SourceVersion "1"]
[SourceVersionDate "2000.11.22"]
[SourceQuality "1"]

1. e4 c5 2. Nf3 d6 3. d4 cxd4 4. Nxd4 Nf6 5. Nc3 a6 6. Bg5 e6 7. f4 Be7 8. Qf3 Qc7 9. 0-0-0 Nbd7 10. g4 b5 11. Bxf6 Nxf6 12. g5 Nd7 13. f5 Nc5 14. f6 gxf6 15. gxf6 Bf8 16. Rg1 b4 17. Nd5 Bh6+ 18. Kb1 Qb7 19. Bc4 e5 20. Nf5 Bxf5 21. Qxf5 Ne6 22. Ne7 Be3 23. Rg7 Nd4 24. Bxf7+ Kd8 25. Rxd4 Bxd4 26. Bd5 1-0

[Event "Bethune op"]
[Site "Bethune"]
[Date "1999.??.??"]
[Round "?"]
[White "Hareux, Hubert"]
[Black "Vandervorst, Jean Marc"]
[Result "1/2-1/2"]
[WhiteElo "2158"]
[BlackElo "2076"]
[PlyCount "34"]
[EventDate "1999.12.26"]
[EventType "swiss"]
[EventRounds "7"]
[EventCountry "FRA"]
[SourceTitle "EXT 2001"]
[Source "ChessBase"]
[SourceDate "2000.11.22"]
[SourceVersion "1"]
[SourceVersionDate "2000.11.22"]
[SourceQuality "1"]

1. d4 Nf6 2. Nf3 g6 3. Bf4 Bg7 4. e3 0-0 5. h3 c5 6. c3 Qb6 7. Qb3 d6 8. Be2 Be6 9. Qxb6 axb6 10. a3 c4 11. Nbd2 b5 12. e4 d5 13. e5 Nfd7 14. 0-0 Nc6 15. Bh2 Nb6 16. b3 Ra7 17. Ra2 Rfa8 1/2-1/2

[Event "Bethune op"]
[Site "Bethune"]
[Date "1999.??.??"]
[Round "?"]
[White "Vandervorst, Jean Marc"]
[Black "Afek, Yochanan"]
[Result "1-0"]
[WhiteElo "2076"]
[BlackElo "2360"]
[PlyCount "101"]
[EventDate "1999.12.26"]
[EventType "swiss"]
[EventRounds "7"]
[EventCountry "FRA"]
[SourceTitle "EXT 2001"]
[Source "ChessBase"]
[SourceDate "2000.11.22"]
[SourceVersion "1"]
[SourceVersionDate "2000.11.22"]
[SourceQuality "1"]

1. e4 c5 2. Nf3 Nc6 3. Bc4 e6 4. d4 cxd4 5. Nxd4 Qa5+ 6. Nc3 Bb4 7. Qd2 Nf6 8. Nxc6 bxc6 9. Bd3 d5 10. a3 Bxc3 11. Qxc3 Qxc3+ 12. bxc3 dxe4 13. Bc4 Nd5 14. Bb2 Rb8 15. Bb3 0-0 16. c4 Nb6 17. 0-0-0 Ba6 18. Be5 Rb7 19. Bd6 Rd8 20. c5 Nd5 21. Rd4 f5 22. g4 g6 23. Re1 Kf7 24. gxf5 gxf5 25. Ba4 Bb5 26. Bxb5 Rxb5 27. c4 Rb3 28. cxd5 exd5 29. Re3 Rb7 30. Rb4 Rbd7 31. Rh3 Ke8 32. Rh5 Rf7 33. Rg5 h6 34. Rg8+ Kd7 35. Rxd8+ Kxd8 36. Rb8+ Kd7 37. Rb7+ Ke8 38. Rxf7 Kxf7 39. Kd2 d4 40. Be5 d3 41. Bf4 h5 42. f3 Ke6 43. Kc3 Kd5 44. Be3 Ke5 45. f4+ Kd5 46. a4 a6 47. h3 d2 48. Bxd2 Kxc5 49. Be3+ Kd5 50. Kb4 h4 51. a5 1-0